000
00327nam a2200145Ia 4500
008
191201s2008 xx 000 0 und d
082
_a
658.87
_b
SIM
100
_a
SINHA, Piyush Kumar
245
0
_a
Managing Retailing
250
_a
5th
260
_a
N.Delhi
_b
Oxford
_c
2008
300
_a
543
650
_a
MBA
942
_2
ddc
_c
BK
999
_c
3580
_d
3580